| 000 | 00690nam a2200229 a 4500 | ||
|---|---|---|---|
| 001 | 000020003 | ||
| 005 | 20200929170227.0 | ||
| 008 | 100709s1981 sp 000 e spa d | ||
| 020 | _a8423916111 | ||
| 040 |
_aDO-SdBNP _bspa _cBNPHU |
||
| 082 |
_a864.62 _bU54v |
||
| 100 | 1 |
_aUnamuno, Miguel de, _d1864-1936 _96254 |
|
| 245 | 1 | 3 |
_aLa vida literaria / _cMiguel de Unamuno. |
| 260 |
_aMadrid : _bEspasa-Calpe, _c1981. |
||
| 300 |
_a181 p. ; _c18 cm. |
||
| 490 | 1 |
_aAustral. Verde: ensayos y filosofía _v1611 |
|
| 650 | 4 |
_aEnsayos españoles _93095 |
|
| 650 | 4 |
_aLiteratura española _9632 |
|
| 830 | 0 |
_aAustral. _pVerde: ensayos y filosofía; _v1611 _98733 |
|
| 910 | _aWM | ||
| 049 | _aBNGR | ||
| 999 |
_c19515 _d19515 |
||